Library Logo

Pioneer International University Library Catalogue

Pilgrimage to humanity. (Record no. 5253)

MARC details
000 -LEADER
fixed length control field 00399cam a2200145u 4500
005 - DATE AND TIME OF LATEST TRANSACTION
control field 20250901165524.0
008 - FIXED-LENGTH DATA ELEMENTS--GENERAL INFORMATION
fixed length control field 830309s1961 nyu 000 0 eng
010 ## - LIBRARY OF CONGRESS CONTROL NUMBER
LC control number 61015250
050 00 - LIBRARY OF CONGRESS CALL NUMBER
Classification number CT 1098.S45 A393
Item number A393
100 1# - MAIN ENTRY--PERSONAL NAME
Personal name Schweitzer, Albert,
Dates associated with a name 1875-1965.
245 10 - TITLE STATEMENT
Title Pilgrimage to humanity.
260 ## - PUBLICATION, DISTRIBUTION, ETC.
Place of publication, distribution, etc. New York,
Name of publisher, distributor, etc. Philosophical Library
Date of publication, distribution, etc. [1961]
300 ## - PHYSICAL DESCRIPTION
Extent 107 p.
Dimensions 20 cm.
942 ## - ADDED ENTRY ELEMENTS (KOHA)
Source of classification or shelving scheme Dewey Decimal Classification
Holdings
Withdrawn status Lost status Source of classification or shelving scheme Damaged status Not for loan Home library Current library Shelving location Date acquired Total checkouts Full call number Barcode Date last seen Price effective from Koha item type
    Library of Congress Classification     Main Library PIU Library   05/25/2021   CT 1098.S45 A393 PIU0009302 04/16/2026 05/25/2021 Books